Alphabet militaire (OTAN-NATO) - Statistiques

Statistiques générales
  • Ce quiz a été pris 4 646 fois
  • Le résultat moyen est 19 sur 26
Statistiques - réponses
Hint Réponse % Correct
A Alpha
99%
C Charlie
95%
D Delta
93%
B Bravo
90%
F Foxtrot
81%
E Echo
80%
T Tango
77%
P Papa
74%
H Hotel
73%
Z Zulu
73%
I India
72%
L Lima
72%
X Xray
71%
K Kilo
70%
R Romeo
70%
G Golf
69%
J Juliett
68%
Y Yankee
66%
S Sierra
65%
O Oscar
64%
N November
63%
Q Quebec
63%
M Mike
60%
U Uniform
60%
V Victor
58%
W Whiskey
54%
Aucun quiz correspondant
Distribution des résultats
% des personnes avec chaque résultat
Percentile par nombre de réponses
Votre historique - résultats
Vous n’avez pas pris ce quiz